000 00250nam a2200097Ia 4500
008 120527s9999 xx 000 0 und d
100 _aNARO
245 _aWeed management using draught Animals in the TESO farming systems
260 _bNRI
942 _cBK
999 _c25199
_d25199